00459nam a2200133Ia 4500008004100000020001800041050001400059100003100073245009600104250000600200260002300206300001100229650008500240120626s9999 xx 000 0 und d a968-24-6706-3 aT58.4 H47 aHERNANDEZ JIMENEZ, Ricardo aAdministraciòn de la funciòn informàtica : Factor AFI / Ricardo Hernàndez Jimènez a7 aMèxico : Trillas a400 p. a1. SISTEMAS DE ALMACENAMIENTO Y RECUPERACION DE INFORMACION -- ADMINISTRACIONÌ